000 01451nam a22003857a 4500
003 CHAP
005 20220329141624.0
008 971013s1984 r 00010 d
010 _a71183
011 _a72155
035 _a81709
040 _cCHAP
090 _aTesis
100 0 0 _aAdame Garza, José Rodrigo.
_9825
245 _aEvaluación de cinco fechas de siembra con tres muestreos, tres grosores y tres modalidades de enraizador en estacas leñosas de higuera (Ficus carica L.) para la región de Marín, N.L.
260 _aMarín, N.L. :
_bEl autor,
_c1984
300 _a155 h.
502 _aTesis (Ing. Agr. Fitotecnista) -- Univ. Autónoma de Nuevo León. Fac. de Agronomía
590 _aALEPH
_b10
_c20130110
_lUCH01
_h1411
590 _aBATCH-UPD
_b10
_c20130110
_lUCH01
_h0314
590 _aBATCH-UPD
_b10
_c20130110
_lUCH01
_h2337
590 _aBATCH-UPD
_b10
_c20130409
_lUCH01
_h2347
590 _aBATCH-UPD
_b10
_c20130410
_lUCH01
_h1626
590 _aBATCH-UPD
_b10
_c20130913
_lUCH01
_h1924
590 _aCONVERSION
_b10
_c20130109
_lUCH01
_h1339
650 1 4 _aHigo
_xFechas de siembra.
_955344
650 1 4 _aHigo
_xPropagación.
_955349
700 0 _aCoronado Arvizu, Abigaíl.
_928134
700 0 _aFlores Leal, Silverio Manuel.
_941604
700 0 _aSalazar Cavazos, José Manuel.
_9101362
700 0 _aSánchez Almaguer, Roberto.
_9107317
901 _aBK
942 _cTESIS
949 _bBC
_cTES
_d-35285
_eTS1
_h19541
_i81709
_si
999 _c71183
_d71183